000 00335nam a22001337a 4500
008 170925b xxu||||| |||| 00| 0 eng d
020 _a9780205110131
041 _aeng
080 _26 ED
_a37
100 _a46
101 _aEDU
245 _aALONG THESE LINES WRITING PAGRAPHS AND ESSAYS
_cWERSHOVEN.C
942 _2udc
_cBK
999 _c29691
_d29691